Loading...
Pablo Neruda
| Main Author: | |
|---|---|
| Format: | Printed Book |
| Published: |
Kozhikode, Bodhi
1986
|
| LEADER | 003830000a22001210004500 | ||
|---|---|---|---|
| 040 | |a MAL | ||
| 082 | |a 861 NER 09 32M6 | ||
| 100 | |a Sachidanandan | ||
| 245 | |a Pablo Neruda | ||
| 260 | |a Kozhikode, Bodhi | ||
| 260 | |c 1986 | ||
| 999 | |c 24343 |d 24343 | ||
| 952 | |0 1 |1 0 |4 1 |6 861_000000000000000_NER_09_32M6 |7 0 |8 MAL |9 24167 |a MGUL |b MGUL |d 2013-07-16 |l 1 |o 861 NER 09 32M6 |p 20873 |r 2014-05-14 |s 2014-04-28 |w 2013-07-16 |y BK | ||